00435nam a2200121Ia 4500008004100000024005600041082001900097100006000116245005200176260002500228600002700253650003300280250506s9999 xx 000 0 und d a11B-138-EL, 11B-150-EL, 11B-153-EL & 11B-158-EL a629.895072 TAL aTalha Ali Khan, Bilal Khan, Shahrukh Ahmed & Arshad Ali 0aIndustrial Security Control System by Using PLC aKarachi:bUIT,c2011 aElectrical Engineering aBachelor of Engineering (BE)